000 00622nam a22001937a 4500
005 20251108164927.0
008 250721s1985 xx 000 0 ara d
082 1 4 _a216.7/برق
100 1 _aالبرقاوي، غسان بن يوسف التيم
_eمؤلف
245 1 0 _aالعمدة بتمييز الكبائر /
264 1 _aالكويت :
_bدار الأرقم للنشر و التوزيع،
_c1985.
300 _a329ص.
650 1 7 _aالإسلام
650 1 7 _aالحديث الشريف
650 1 7 _aالكبائر
700 1 _aالمصري، أحمد الشريف
942 _2ddc
_cBK
999 _c17625
_d17625